000 00301nam a2200109Ia 4500
008 220630s9999 xx 000 0 und d
020 _a978-0-14-118688-7
082 _aEF -Ache
100 _aAchebe, Chinua
_91515
245 0 _aThings fall apart
942 _cBK
_w561
_xJohn Tresidder
_y
_zCRON CRON
999 _c698671
_d698670